Friends-fluebaroo Quiz Stats

 Plays Quiz not verified by Sporcle

Also try: 'F' Blitz
Challenge
Share
Tweet
Embed
Score 0/10 Timer 03:00
0 Plays Today
Hint Answer % Correct
____FriendsBest
83.3%
Where the sun setsWest
83.3%
Where birds lay eggsNest
83.3%
Brooklyn____Nets
83.3%
British spelling of netNett
66.7%
Multiple animals in your housePets
66.7%
Hit someone lightly on the shoulderPats
66.7%
To skipPass
66.7%
Russian News AgencyTass
50%
Use a taserTase
50%

You're not logged in!

Compare scores with friends on all Sporcle quizzes.
Join for Free
OR
Log In

You Might Also Like...

Show Comments

Extras

Created May 5, 2017ReportNominate

Top Quizzes Today


Score Distribution

Your Account Isn't Verified!

In order to create a playlist on Sporcle, you need to verify the email address you used during registration. Go to your Sporcle Settings to finish the process.

Report this User

Report this user for behavior that violates our Community Guidelines.

Details: